El sastrecillo valiente y otros cuentos / (Registro nro. 11908)

Detalles MARC
000 -LIDER
fixed length control field 01097nam a22002777a 4500
001 - NÚMERO DE CONTROL
Identificador de número de control 000686
003 - IDENTIFICACDOR DE NÚMERO DE CONTROL
control field DO-SdBPM
005 - DATE AND TIME OF LATEST TRANSACTION
control field 20250224122525.0
007 - CAMPOS FIJOS DE DESCRIPCIÓN FÍSICA
fixed length control field 000686
008 - ELEMENTOS DE LONGITUD FIJA
fixed length control field 161111b2010 mx a ||||| |||| 00| 0 spa d
020 ## - ISBN
International Standard Book Number 9786071108432
040 ## - FUENTE DE CATALOGACIÓN
Agencia que crea de manera original el registro DO-SdBPM
Idioma de catalogación spa
Agencia que realiza la transcripción BPMSU
082 #4 - NÚMERO DE CLASIFICACIÓN DECIMAL DE DEWEY
Classification number 833.7
Item number G864s 2010
Edition number 22
100 1# - ASIENTO PRINCIPAL -- NOMBRE PERSONAL
Nombre personal Grimm, Jacob Ludwig Karl,
Fechas asociadas con el nombre 1785-1863.
245 13 - MENCIÓN DE TITULO
Título El sastrecillo valiente y otros cuentos /
Mención de responsabilidad Jacob Ludwig Karl Grimm y Wilhelm Karl Grimm ; ilustraciónes de Zobeck.
260 ## - PUBLICACIÓN, DISTRIBUCIÓN, ETC. (PIE DE IMPRENTA)
Lugar de publicación, distribución, etc México, D. F. :
Nombre del editor, distribuidor, etc. Alfaguara,
Fecha de publicación, distribución, etc 2010.
300 ## - DESCRIPCIÓN FÍSICA
Extensión 143 p. :
Otros detalles físicos il. ;
Dimensiones 19 cm.
490 0# - MENCIÓN DE SERIES
Mención de serie Alfaguara infantil
500 ## - NOTA GENERAL
Nota general Para niños a partir de los 8 años.
505 0# - NOTA DE CONTENIDO
Título El sastrecillo valiente --
-- Hans el afortunado --
-- La mesa, el burro y el palo --
-- El agua de la vida --
-- Los seis sirvientes --
-- Los tres pelos del diablo --
-- Blanca Nieves y Rosa Roja --
-- Ruiponces.
650 #4 - ENCABEZAMIENTO DE MATERIA--TEMÁTICO
Término temático o nombre geográfico como elemento de entrada Novela infantil alemana
650 #4 - ENCABEZAMIENTO DE MATERIA--TEMÁTICO
Término temático o nombre geográfico como elemento de entrada Cuentos infantiles alemanes
700 1# - ASIENTO SECUNDARIO -- NOMBRE PERSONAL
Nombre personal Grimm, Wilhelm Karl
Mención de responsabilidad autor
910 ## - VALIDACIÓN
Validación VMateo V. Control de calidad. BPMSU
942 ## - ADDED ENTRY ELEMENTS (KOHA)
Source of classification or shelving scheme Dewey Decimal Classification
Koha item type Libros
Existencias
Withdrawn status Lost status Source of classification or shelving scheme Damaged status Not for loan Collection code Home library Current library Date acquired Source of acquisition Total Checkouts Full call number Barcode Date last seen Price effective from Koha item type Copy number
    Dewey Decimal Classification     Colección Infantil General Biblioteca Pública Metropolitana Salomé Ureña Biblioteca Pública Metropolitana Salomé Ureña 11/11/2016 Alfaguara   BPMSU CGI 833.7 G864s 2010 BPMSU16111204 11/11/2016 11/11/2016 Libros  
    Dewey Decimal Classification     Colección Infantil General Biblioteca Pública Metropolitana Salomé Ureña Biblioteca Pública Metropolitana Salomé Ureña 11/11/2016 Alfaguara   BPMSU CGI 833.7 G864s 2010 BPMSU16111205 11/11/2016 11/11/2016 Libros e.2
    Dewey Decimal Classification     Colección Infantil General Biblioteca Pública Metropolitana Salomé Ureña Biblioteca Pública Metropolitana Salomé Ureña 11/11/2016 Alfaguara   BPMSU CGI 833.7 G864s 2010 BPMSU16111206 11/11/2016 11/11/2016 Libros e.3